LEADER 01354oam 2200469 450 001 9910709663403321 005 20191211154103.0 035 $a(CKB)5470000002471601 035 $a(OCoLC)1121047309 035 $a(EXLCZ)995470000002471601 100 $a20190926d2019 ua 0 101 0 $aeng 135 $aur||||||||||| 181 $ctxt$2rdacontent 182 $cc$2rdamedia 183 $acr$2rdacarrier 200 10$aExpeditionary culture field guide$iLibya 210 1$a[Maxwell Air Force Base, Alabama] :$cAFCLC,$d[2019] 215 $a1 online resource (112 unnumbered pages) $ccolor illustrations, color map 517 3 $aExpeditionary culture field guide. Libya 517 3 $aECFG Libya 517 3 $aLibya 606 $aCultural awareness 606 $aCultural awareness$2fast 606 $aManners and customs$2fast 607 $aLibya$xSocial life and customs 607 $aLibya$vGuidebooks 607 $aLibya$2fast 608 $aGuidebooks.$2fast 608 $aGuidebooks.$2lcgft 615 0$aCultural awareness. 615 7$aCultural awareness. 615 7$aManners and customs. 801 0$bAAU 801 1$bAAU 801 2$bAAU 801 2$bOCLCF 801 2$bGPO 906 $aBOOK 912 $a9910709663403321 996 $aExpeditionary culture field guide$93440754 997 $aUNINA LEADER 00843nam0-2200265 --450 001 9910871474403321 005 20240730115502.0 100 $a20240730d kmuy0itay5050 ba 101 0 $aita 102 $aIT 105 $a 001yy 200 1 $a<>lavoro perverso$eil mobbing come paradigma di una psicopatologia del lavoro$fa cura di Francesco Blasi e Claudio Petrella 215 $a291 p.$cill.$d21 cm 225 1 $aSeminari e convegni di psicologia$fIstituto italiano per gli studi filosofici 300 $aEd. f. c. 610 0 $aMobbing 702 1$aPetrella,$bClaudio 702 1$aBlasi,$bFrancesco$c 801 0$aIT$bUNINA$gREICAT$2UNIMARC 901 $aBK 912 $a9910871474403321 952 $aDAM C70 CAPP 01$b2024/2709$fFLFBC 959 $aFLFBC 996 $aLavoro perverso$94183907 997 $aUNINA